<?xml version="1.0" encoding="UTF-8"?>
<record
    xmlns:xsi="http://www.w3.org/2001/XMLSchema-instance"
    xsi:schemaLocation="http://www.loc.gov/MARC21/slim http://www.loc.gov/standards/marcxml/schema/MARC21slim.xsd"
    xmlns="http://www.loc.gov/MARC21/slim">

  <leader>00551cam a2200181   4500</leader>
  <controlfield tag="008">090424t20022002nyu           000 0 spa u</controlfield>
  <datafield tag="020" ind1=" " ind2=" ">
    <subfield code="a">0195152611</subfield>
  </datafield>
  <datafield tag="035" ind1=" " ind2=" ">
    <subfield code="a">a480974</subfield>
  </datafield>
  <datafield tag="050" ind1="0" ind2="4">
    <subfield code="a">TA177.4 </subfield>
    <subfield code="b">E83 2002</subfield>
  </datafield>
  <datafield tag="100" ind1="1" ind2=" ">
    <subfield code="a">Eschenbach, Ted G.</subfield>
  </datafield>
  <datafield tag="245" ind1="0" ind2="0">
    <subfield code="a">Engineering economy : Applying theory to practice /</subfield>
    <subfield code="c">Ted G. Eschenbach</subfield>
  </datafield>
  <datafield tag="260" ind1=" " ind2=" ">
    <subfield code="a">New york :</subfield>
    <subfield code="b">Oxford university Press, </subfield>
    <subfield code="c">2002</subfield>
  </datafield>
  <datafield tag="300" ind1=" " ind2=" ">
    <subfield code="a">xiii, 594 p. :</subfield>
    <subfield code="c">25 cm</subfield>
  </datafield>
  <datafield tag="504" ind1=" " ind2=" ">
    <subfield code="a">Incluye ap&#xE9;ndice e &#xED;ndice</subfield>
  </datafield>
  <datafield tag="506" ind1=" " ind2=" ">
    <subfield code="a">Rec. escuela</subfield>
  </datafield>
  <datafield tag="650" ind1=" " ind2="7">
    <subfield code="a">Ingenier&#xED;a econ&#xF3;mica</subfield>
  </datafield>
  <datafield tag="942" ind1=" " ind2=" ">
    <subfield code="2">lcc</subfield>
    <subfield code="c">LIB</subfield>
  </datafield>
  <datafield tag="999" ind1=" " ind2=" ">
    <subfield code="c">91507</subfield>
    <subfield code="d">91507</subfield>
  </datafield>
  <datafield tag="952" ind1=" " ind2=" ">
    <subfield code="1">0</subfield>
    <subfield code="2">lcc</subfield>
    <subfield code="4">0</subfield>
    <subfield code="7">1</subfield>
    <subfield code="a">LIC-019</subfield>
    <subfield code="b">LIC-019</subfield>
    <subfield code="c">GENERAL</subfield>
    <subfield code="d">2015-06-08</subfield>
    <subfield code="f">1a. ed.</subfield>
    <subfield code="h">BIQO000004755</subfield>
    <subfield code="i">IA</subfield>
    <subfield code="k">IT</subfield>
    <subfield code="o">TA177.4 E83 2002</subfield>
    <subfield code="p">BIQO000004755</subfield>
    <subfield code="r">2017-10-18 00:00:00</subfield>
    <subfield code="t">C:1</subfield>
    <subfield code="v">2389.49</subfield>
    <subfield code="y">LIB</subfield>
  </datafield>
  <datafield tag="952" ind1=" " ind2=" ">
    <subfield code="1">0</subfield>
    <subfield code="2">lcc</subfield>
    <subfield code="4">0</subfield>
    <subfield code="7">0</subfield>
    <subfield code="a">LIC-019</subfield>
    <subfield code="b">LIC-019</subfield>
    <subfield code="c">GENERAL</subfield>
    <subfield code="d">2015-06-08</subfield>
    <subfield code="f">1a.  ed.</subfield>
    <subfield code="h">BIQO000004756</subfield>
    <subfield code="i">IA</subfield>
    <subfield code="k">IT</subfield>
    <subfield code="o">TA177.4 E83 2002</subfield>
    <subfield code="p">BIQO000004756</subfield>
    <subfield code="r">2017-10-18 00:00:00</subfield>
    <subfield code="t">C:2</subfield>
    <subfield code="v">2389.49</subfield>
    <subfield code="y">LIB</subfield>
  </datafield>
</record>
